000 00697nam a2200241Ia 4500
003 OSt
005 20221005032444.0
006 a|||||r|||| 00| 0
007 ta
008 221004b |||||||| |||| 00| 0 eng d
024 _a28192
037 _cTextual
040 _aCRL
_cCRL
_beng
041 _2eng
_aeng
082 _aD65,8(B)0aV, M5
100 _aEnnals Richard
_9585152
245 0 _aArtificial intelligence
_b Applications to logical reasoning and historical research .
260 _aChichester
_bEllis Horwood UK
_c1985
300 _a172p
_ccm.
650 _aENGINEERING
942 _hD65,8(B)0aV, M5
_cTEXL
_2cc
999 _c939776
_d939776